00309nam a2200121Ia 4500008004100000041000800041082001200049100002100061245004500082260003600127300001300163365001100176240624s9999 xx 000 0 und d aeng a381 BRA aBRANDT RICHARD L aONE CLICK JEFF BEZOS AND THE RISE OF AMA c2012aamazon.combPenguin Books a224 : p. cRSb30